Financial accounting / (Record no. 208099)
[ view plain ]
| 000 -LEADER | |
|---|---|
| fixed length control field | 00804nam a2200265Ia 4500 |
| 003 - CONTROL NUMBER IDENTIFIER | |
| control field | OSt |
| 005 - DATE AND TIME OF LATEST TRANSACTION | |
| control field | 20220207151946.0 |
| 008 - FIXED-LENGTH DATA ELEMENTS--GENERAL INFORMATION | |
| fixed length control field | 210716s1998 xx 000 0 und d |
| 020 ## - INTERNATIONAL STANDARD BOOK NUMBER | |
| International Standard Book Number | 0071077472 |
| 040 ## - CATALOGING SOURCE | |
| Transcribing agency | AIMIT LIBRARY |
| 041 ## - LANGUAGE CODE | |
| Language code of text/sound track or separate title | eng |
| 082 ## - DEWEY DECIMAL CLASSIFICATION NUMBER | |
| Classification number | 657.48 |
| Edition number | 6 |
| Item number | LIBR |
| 100 ## - MAIN ENTRY--PERSONAL NAME | |
| Personal name | Libby, Robert. |
| 9 (RLIN) | 17266 |
| 245 ## - TITLE STATEMENT | |
| Title | Financial accounting / |
| Statement of responsibility, etc. | By Robert Libby , Patricia A. Libby and Daniel G.Short. |
| 250 ## - EDITION STATEMENT | |
| Edition statement | 6 |
| 260 ## - PUBLICATION, DISTRIBUTION, ETC. | |
| Place of publication, distribution, etc. | New Delhi : |
| Name of publisher, distributor, etc. | Tata McGraw Hill |
| Date of publication, distribution, etc. | 2011. |
| 300 ## - PHYSICAL DESCRIPTION | |
| Extent | xxxii,754p, A3,B56,C23p |
| 650 ## - SUBJECT ADDED ENTRY--TOPICAL TERM | |
| Topical term or geographic name entry element | Financial Accounting |
| 9 (RLIN) | 17267 |
| 650 ## - SUBJECT ADDED ENTRY--TOPICAL TERM | |
| Topical term or geographic name entry element | Financial Statements |
| 9 (RLIN) | 17268 |
| 650 ## - SUBJECT ADDED ENTRY--TOPICAL TERM | |
| Topical term or geographic name entry element | Balance Sheet |
| 9 (RLIN) | 17269 |
| 650 ## - SUBJECT ADDED ENTRY--TOPICAL TERM | |
| Topical term or geographic name entry element | Statement of Cashflows |
| 9 (RLIN) | 17270 |
| 700 ## - ADDED ENTRY--PERSONAL NAME | |
| Personal name | Libby, Patricia A. |
| 9 (RLIN) | 17271 |
| 700 ## - ADDED ENTRY--PERSONAL NAME | |
| Personal name | Short, Daniel G. |
| 9 (RLIN) | 17272 |
| 942 ## - ADDED ENTRY ELEMENTS (KOHA) | |
| Source of classification or shelving scheme | Dewey Decimal Classification |
| Koha item type | Book |
| Edition | 6th |
| Call number prefix | 657.48 LIBR |
| Withdrawn status | Lost status | Damaged status | Not for loan | Collection code | Home library | Current library | Date acquired | Cost, normal purchase price | Total Checkouts | Full call number | Barcode | Date last seen | Cost, replacement price | Price effective from | Koha item type |
|---|---|---|---|---|---|---|---|---|---|---|---|---|---|---|---|
| MBA | St Aloysius Institute of Management & Information Technology | St Aloysius Institute of Management & Information Technology | 09/21/2013 | 655.00 | 657.48 LIBR | MBA10665 | 05/23/2026 | 491.25 | 07/16/2021 | Book |